[Event "Barcelona Sant Marti op-B 20th"]
[Site "Barcelona"]
[Date "2018.07.15"]
[Round "3"]
[White "Cabrera Marmol, Manel"]
[Black "Reyes, Jesus"]
[Result "0-1"]
[WhiteElo "1714"]
[BlackElo "1367"]
[PlyCount "124"]
[EventDate "2018.07.13"]
[EventType "swiss"]
[EventRounds "9"]
[EventCountry "ESP"]
[SourceTitle "EXT 2019"]
[Source "ChessBase"]
[SourceDate "2018.10.10"]
[SourceVersion "1"]
[SourceVersionDate "2018.10.10"]
[SourceQuality "1"]

1. e4 e5 2. d4 exd4 3. c3 dxc3 4. Nxc3 Nc6 5. Nf3 d6 6. Bc4 Nf6 7. Qb3 Qd7 8. Bf4 Na5 9. Qb4 Nxc4 10. Qxc4 Be7 11. 0-0-0 0-0 12. e5 Ne8 13. Nd5 Bd8 14. Kb1 c6 15. Ne3 d5 16. Qc2 Nc7 17. g4 Ne6 18. Bg3 Ng5 19. Nxg5 Bxg5 20. f4 Bd8 21. h4 Bb6 22. Nf5 f6 23. Rde1 fxe5 24. Rxe5 Bd8 25. Rhe1 Bf6 26. Ne7+ Bxe7 27. Rxe7 Qxg4 28. Qc3 Bd7 29. Rg1 Rae8 30. Re5 Rxe5 31. fxe5 Rf3 32. Qe1 Qe4+ 33. Qxe4 dxe4 34. Be1 Kf7 35. Bc3 g6 36. Kc1 c5 37. Kd1 Bb5 38. Rg5 Ke6 39. h5 Rf5 40. Rxf5 Kxf5 41. hxg6 hxg6 42. Kd2 Kf4 43. e6 Kf3 44. Bf6 e3+ 45. Ke1 a5 46. b3 a4 47. e7 axb3 48. axb3 Kf4 49. Bg7 g5 50. Bh6 Kf5 51. Bf8 g4 52. e8Q Bxe8 53. Bxc5 Kf4 54. Kf1 Kf3 55. Kg1 g3 56. Bd4 g2 57. Bc3 Bc6 58. b4 b5 59. Bf6 Ke2 60. Bg5 Kd3 61. Bh4 e2 62. Be1 Kc2 0-1

[Event "Barcelona Sant Marti op-B 20th"]
[Site "Barcelona"]
[Date "2018.07.13"]
[Round "1"]
[White "Subirana Santos, Marc"]
[Black "Reyes, Jesus"]
[Result "0-1"]
[WhiteElo "1743"]
[BlackElo "1367"]
[PlyCount "46"]
[EventDate "2018.07.13"]
[EventType "swiss"]
[EventRounds "9"]
[EventCountry "ESP"]
[SourceTitle "EXT 2019"]
[Source "ChessBase"]
[SourceDate "2018.10.10"]
[SourceVersion "1"]
[SourceVersionDate "2018.10.10"]
[SourceQuality "1"]

1. e4 e5 2. Nf3 Nc6 3. Bb5 f5 4. d3 fxe4 5. dxe4 Nf6 6. Bd3 Bc5 7. h3 d6 8. 0-0 0-0 9. a3 a5 10. Nc3 Kh8 11. Ne2 Nh5 12. Kh2 Bd7 13. Bg5 Qe8 14. Ng3 Nf4 15. Ne2 Nxh3 16. gxh3 Rxf3 17. Ng3 Rxf2+ 18. Rxf2 Bxf2 19. Qf3 Bxg3+ 20. Kxg3 Qg6 21. Kh4 h6 22. Be3 Nd4 23. Qh5 Qg2 0-1

[Event "South America-ch U20 13th"]
[Site "Manta"]
[Date "2017.04.29"]
[Round "7"]
[White "Matute Moncada, Israel"]
[Black "Reyes, Jesus"]
[Result "1-0"]
[WhiteElo "1713"]
[BlackElo "1302"]
[PlyCount "165"]
[EventDate "2017.04.25"]
[EventType "swiss"]
[EventRounds "9"]
[EventCountry "ECU"]
[SourceTitle "CBM 178 Extra"]
[Source "ChessBase"]
[SourceDate "2017.06.22"]
[SourceVersion "1"]
[SourceVersionDate "2017.06.22"]
[SourceQuality "1"]

1. d4 d5 2. c4 e6 3. Nf3 Nf6 4. g3 Be7 5. Bg2 Nbd7 6. Nc3 c6 7. 0-0 0-0 8. b3 Re8 9. Nd2 Bf8 10. Bb2 Qc7 11. Rc1 Nb6 12. Qc2 Qd8 13. Rfd1 Nbd7 14. e4 Nb6 15. Bf3 h6 16. Qd3 dxc4 17. Nxc4 Nxc4 18. Qxc4 Qe7 19. e5 Nd5 20. Ne4 Rd8 21. Nd6 Qd7 22. Ba3 a5 23. Bxd5 exd5 24. Qc3 Qg4 25. Bc5 Bxd6 26. Bxd6 Bf5 27. f3 Qg6 28. a3 h5 29. Bc7 Rdc8 30. Bxa5 h4 31. Kf2 hxg3+ 32. hxg3 Ra6 33. Bb4 Re8 34. Re1 Re6 35. Re3 Qh6 36. Rg1 Ra8 37. Ree1 Rae8 38. Bd6 f6 39. Rh1 Qg5 40. Qe3 Qxe3+ 41. Rxe3 fxe5 42. Rxe5 Rxe5 43. Bxe5 Kf7 44. g4 Bg6 45. Kg3 Re7 46. f4 Bc2 47. b4 g6 48. Rh7+ Ke6 49. Rh6 Kf7 50. Kh4 Kg8 51. Kg5 Kf7 52. Rh7+ Ke6 53. f5+ gxf5 54. gxf5+ Kd7 55. Rh6 Rf7 56. f6 Ke6 57. Rh8 Bd3 58. Re8+ Kd7 59. Rb8 Ke6 60. Re8+ Kd7 61. Rg8 Ke6 62. a4 Kd7 63. Kh6 Rh7+ 64. Kg5 Rf7 65. Rg7 Ke6 66. Kh6 Be4 67. Kg5 Bd3 68. Kf4 Be4 69. b5 cxb5 70. axb5 Bd3 71. b6 Be4 72. Rg8 Bd3 73. Rd8 Rd7 74. Bc7 Rxd8 75. Bxd8 Kf7 76. Ke5 Bc4 77. Kd6 Bb5 78. Kxd5 Bc6+ 79. Kd6 Be8 80. d5 Bb5 81. Kc7 Ba6 82. Be7 Ke8 83. d6 1-0

[Event "Pan American-ch U12 27th"]
[Site "Montevideo"]
[Date "2016.07.30"]
[Round "8"]
[White "Reyes, Jesus"]
[Black "Pastor Aragon, Mateo"]
[Result "0-1"]
[WhiteElo "1292"]
[BlackElo "1473"]
[PlyCount "76"]
[EventDate "2016.07.25"]
[EventType "swiss"]
[EventRounds "9"]
[EventCountry "URU"]
[SourceTitle "EXT 2017"]
[Source "ChessBase"]
[SourceDate "2016.10.25"]
[SourceVersion "1"]
[SourceVersionDate "2016.10.25"]
[SourceQuality "1"]

1. e4 c5 2. Nf3 e6 3. d4 cxd4 4. Nxd4 Nc6 5. c4 Nf6 6. Nc3 d6 7. Nc2 Be7 8. Bd3 Qc7 9. b3 a6 10. Bb2 b6 11. 0-0 Bb7 12. Qd2 0-0 13. Rfe1 Rfd8 14. Rad1 Ne5 15. Bf1 Rac8 16. Qc1 b5 17. f4 Ned7 18. Kh1 Qb6 19. cxb5 Ng4 20. Ne3 Nf2+ 21. Kg1 Nxd1 22. Qxd1 axb5 23. Qg4 Bf6 24. Ncd1 Bxb2 25. Nxb2 Bxe4 26. Kh1 Bg6 27. f5 Nf6 28. Qh3 exf5 29. Nxf5 Bxf5 30. Qxf5 Qc5 31. Qb1 b4 32. Nd3 Qb6 33. Qd1 Re8 34. Be2 Ne4 35. Bf3 Nc3 36. Rxe8+ Rxe8 37. Qd2 Qe3 38. Qxe3 Rxe3 0-1

[Event "Pan American-ch U12 27th"]
[Site "Montevideo"]
[Date "2016.07.29"]
[Round "7"]
[White "Reyes, Jesus"]
[Black "Corvera Choi, Kemos"]
[Result "0-1"]
[WhiteElo "1292"]
[BlackElo "1593"]
[PlyCount "112"]
[EventDate "2016.07.25"]
[EventType "swiss"]
[EventRounds "9"]
[EventCountry "URU"]
[SourceTitle "EXT 2017"]
[Source "ChessBase"]
[SourceDate "2016.10.25"]
[SourceVersion "1"]
[SourceVersionDate "2016.10.25"]
[SourceQuality "1"]

1. e4 c5 2. Nf3 d6 3. d4 cxd4 4. Nxd4 Nf6 5. Nc3 a6 6. a4 e6 7. Nb3 Be7 8. Be2 Qc7 9. Be3 Nbd7 10. 0-0 b6 11. f4 Bb7 12. Bf3 Rc8 13. g4 Nc5 14. Nxc5 bxc5 15. g5 Nd7 16. Bg2 Nb6 17. b3 Rd8 18. a5 Nd7 19. Qe2 0-0 20. Rf3 g6 21. Rh3 Rfe8 22. Qg4 Nf8 23. Qe2 d5 24. exd5 exd5 25. Bc1 Bxg5 26. Qf2 Bf6 27. Ra2 Bd4 28. Be3 Bxe3 29. Rxe3 Rxe3 30. Qxe3 d4 31. Qg3 dxc3 32. Bxb7 Qxb7 33. Ra1 Rd2 34. Rc1 Qe4 35. Rf1 Re2 36. f5 Qe3+ 37. Qxe3 Rxe3 38. fxg6 hxg6 39. Rf2 Ne6 40. Kg2 Kg7 41. h3 Nd4 42. h4 Re2 43. Rxe2 Nxe2 44. Kf2 Nd4 45. Ke3 f5 46. Kd3 f4 47. Ke4 f3 48. Ke3 Kf6 49. Kf2 Kf5 50. Kg3 Ke4 51. Kf2 Kf4 52. Kf1 Kg3 53. Kg1 f2+ 54. Kf1 Kf3 55. b4 Nxc2 56. bxc5 Ne3# 0-1

[Event "Pan American-ch U12 27th"]
[Site "Montevideo"]
[Date "2016.07.25"]
[Round "1"]
[White "Reyes, Jesus"]
[Black "Vazquez, Facundo"]
[Result "0-1"]
[WhiteElo "1292"]
[BlackElo "1645"]
[PlyCount "126"]
[EventDate "2016.07.25"]
[EventType "swiss"]
[EventRounds "9"]
[EventCountry "URU"]
[SourceTitle "EXT 2017"]
[Source "ChessBase"]
[SourceDate "2016.10.25"]
[SourceVersion "1"]
[SourceVersionDate "2016.10.25"]
[SourceQuality "1"]

1. e4 e6 2. d4 d5 3. Nd2 Nf6 4. e5 Nfd7 5. Bd3 c5 6. c3 Nc6 7. Ne2 Be7 8. Nf3 0-0 9. 0-0 f6 10. exf6 Nxf6 11. Re1 Bd6 12. Nf4 Re8 13. Bd2 Qc7 14. g3 Bd7 15. Qc2 c4 16. Bf1 Ne4 17. Bc1 b5 18. a3 Na5 19. Nd2 Nxd2 20. Bxd2 Nb3 21. Rad1 Nxd2 22. Qxd2 Bxf4 23. gxf4 Rf8 24. Bh3 Rae8 25. f5 exf5 26. Rxe8 Rxe8 27. Re1 Rxe1+ 28. Qxe1 Qd6 29. Kh1 Qe6 30. Qf1 Qe7 31. Bg2 Bc6 32. Bh3 g6 33. Bg2 Kg7 34. Qd1 a5 35. Qd2 h6 36. Kg1 g5 37. Qe3 Qxe3 38. fxe3 Kf6 39. Kf2 g4 40. Kg3 Kg5 41. h4+ gxh3 42. Bxh3 h5 43. Kf3 Bd7 44. Kg3 Be6 45. Kf3 Bf7 46. Kg3 h4+ 47. Kf3 Bh5+ 48. Kf2 f4 49. exf4+ Kxf4 50. Bg2 Bf7 51. Bh3 Ke4 52. Ke2 Bh5+ 53. Kd2 Kf4 54. Be6 Bf3 55. Ke1 Kg3 56. Kf1 Bg2+ 57. Ke2 h3 58. Bxh3 Bxh3 59. Ke3 Bf1 60. Kd2 Kf2 61. Kd1 Ke3 62. Ke1 Be2 63. a4 bxa4 0-1